|
|
|
|
| LEADER |
02811nam a2200685 i 4500 |
| 001 |
nkc20223446724 |
| 003 |
CZ PrNK |
| 005 |
20221007112459.0 |
| 007 |
ta |
| 008 |
220908t20222022xr abche f 000 0 cze |
| 015 |
|
|
|a cnb003446724
|
| 020 |
|
|
|a 978-80-87686-47-8
|q (brožováno)
|
| 035 |
|
|
|a (OCoLC)1347064892
|
| 040 |
|
|
|a BOA001
|b cze
|e rda
|
| 041 |
1 |
|
|a cze
|a eng
|b cze
|b eng
|b ger
|h cze
|
| 043 |
|
|
|a e-xr---
|b e-xr-kr
|2 czenas
|
| 072 |
|
7 |
|a 930.85
|x Dějiny civilizace. Kulturní dějiny
|2 Konspekt
|9 8
|
| 080 |
|
|
|a 911.375(091)
|2 MRF
|
| 080 |
|
|
|a 930.85
|2 MRF
|
| 080 |
|
|
|a 069.5
|2 MRF
|
| 080 |
|
|
|a 069
|2 MRF
|
| 080 |
|
|
|a (437.313)
|2 MRF
|
| 080 |
|
|
|a (036)
|2 MRF
|
| 100 |
1 |
|
|a Bláha, Radek,
|d 1976-
|7 xx0057564
|4 aut
|
| 245 |
1 |
0 |
|a Cesty města :
|b průvodce expozicí = exhibition guide /
|c Radek Bláha, Pavla Koritenská, Josef Šrámek ; překlady: Jan Koritenský, Pavla Hannichová
|
| 246 |
3 |
|
|a Guide to The Journey of a City Exhibition
|
| 246 |
1 |
8 |
|a Průvodce expozicí Cesty města =
|b Guide to The Journey of a City Exhibition
|
| 250 |
|
|
|a První vydání
|
| 264 |
|
1 |
|a V Hradci Králové :
|b Muzeum východních Čech,
|c [2022]
|
| 264 |
|
4 |
|c ©2022
|
| 300 |
|
|
|a 158 stran :
|b ilustrace (převážně barevné), mapy, portréty, plány, faksimile ;
|c 30 cm
|
| 336 |
|
|
|a text
|b txt
|2 rdacontent
|
| 336 |
|
|
|a statický obraz
|b sti
|2 rdacontent
|
| 337 |
|
|
|a bez média
|b n
|2 rdamedia
|
| 338 |
|
|
|a svazek
|b nc
|2 rdacarrier
|
| 504 |
|
|
|a Obsahuje bibliografie
|
| 546 |
|
|
|a Souběžný anglický text, české, anglické a německé resumé
|
| 610 |
2 |
7 |
|a Muzeum východních Čech (Hradec Králové, Česko)
|7 kn20020516013
|2 czenas
|
| 650 |
0 |
7 |
|a dějiny měst
|7 ph927609
|z Česko
|2 czenas
|
| 650 |
0 |
7 |
|a kulturní dějiny
|7 ph122020
|z Česko
|2 czenas
|
| 650 |
0 |
7 |
|a muzejní sbírky
|7 ph137908
|z Česko
|2 czenas
|
| 650 |
0 |
7 |
|a stálé expozice
|7 ph854721
|z Česko
|2 czenas
|
| 650 |
0 |
9 |
|a history of cities and towns
|z Czechia
|2 eczenas
|
| 650 |
0 |
9 |
|a cultural history
|z Czechia
|2 eczenas
|
| 650 |
0 |
9 |
|a museum collections
|z Czechia
|2 eczenas
|
| 650 |
0 |
9 |
|a permanent exhibitions
|z Czechia
|2 eczenas
|
| 651 |
|
7 |
|a Hradec Králové (Česko)
|7 ge129332
|2 czenas
|
| 651 |
|
9 |
|a Hradec Králové (Czechia)
|2 eczenas
|
| 655 |
|
7 |
|a průvodce
|7 fd133154
|2 czenas
|
| 655 |
|
9 |
|a guidebooks
|2 eczenas
|
| 700 |
1 |
|
|a Koritenská, Pavla,
|d 1968-
|7 xx0096509
|4 aut
|
| 700 |
1 |
|
|a Šrámek, Josef,
|d 1982-
|7 jo2007416156
|4 aut
|
| 700 |
1 |
|
|a Koritenský, Jan,
|d 1996-
|7 xx0262173
|4 trl
|
| 700 |
1 |
|
|a Hannichová, Pavla
|4 trl
|
| 710 |
2 |
|
|a Muzeum východních Čech (Hradec Králové, Česko)
|7 kn20020516013
|4 orm
|4 isb
|
| 910 |
2 |
|
|a BOA001
|b 4-1493.260
|
| 990 |
|
|
|a BK
|
| 995 |
|
|
|a 01
|
| 991 |
|
|
|b 202209
|c NOV
|
| 996 |
6 |
|
|b 2610913646
|c 4-1493.260
|l MZK
|r Sklad / do 1 hodiny
|n 0
|p p.v.
|w 001898882
|u 000010
|a 1
|e BOA001
|j MZK50
|s P
|